000 00702nas a2200229 4500
001 BR9212786
003 BR-BrBNA
005 20231205094759.0
007 ta
008 230509b bl.|||p| |||| 00| 00por d
040 _aBR-BrBNA
_bpor
_cBiblioteca Nacional de Agricultura
041 _a(Pt)
072 _aQ03
100 1 _aMoreno, G.
100 1 _aLopes, C.A. de M.
100 1 _aRudge, A.C.
245 1 _aResistencia em bacterias gram negativas a sais inorganicos
650 _aContaminacao Bacteriana
773 0 _tArquivos do Instituto Biologico (Brazil)
_xISSN 0020-3653
_g(Oct-Dec 1974), v. 41(4) p. 165-170
_wBR9212786
909 _a202311
_bLúcia
_c55
_dLúcia Elande
942 _2AGRIS
_n0
_cANA
999 _c146790
_d146790